"Basic Electrical Circuit Analysis," (Record no. 37246)

MARC details
000 -LEADER
fixed length control field 00482nam a2200169Ia 4500
008 - FIXED-LENGTH DATA ELEMENTS--GENERAL INFORMATION
fixed length control field 230524s9999 xx 000 0 und d
082 ## - DEWEY DECIMAL CLASSIFICATION NUMBER
Classification number 621.38
Item number DUR
100 ## - MAIN ENTRY--AUTHOR NAME
Personal name David E. Johnson
245 #0 - TITLE STATEMENT
Title "Basic Electrical Circuit Analysis,"
250 ## - EDITION STATEMENT
Edition statement 1ST
260 ## - PUBLICATION, DISTRIBUTION, ETC. (IMPRINT)
Place of publication NEW DELHI
Name of publisher John Wiley & Sons
Year of publication 2006
300 ## - PHYSICAL DESCRIPTION
Number of Pages XIV;251
500 ## - GENERAL NOTE
General note Quantity Number: 1
650 ## - SUBJECT ADDED ENTRY--TOPICAL TERM
Topical Term Electrical
700 ## - ADDED ENTRY--PERSONAL NAME
Personal name " John L.Hilburn,Johnny R.Johnson , Peter D.Scott,,"
942 ## - ADDED ENTRY ELEMENTS (KOHA)
Koha item type Books
Holdings
Lost status Damaged status Permanent Location Current Location Shelving location Date acquired Full call number Accession Number Koha item type
    Central Library, Trident Academy of Technology Central Library, Trident Academy of Technology General Stacks 05/24/2023 621.38 DUR 16904 Books
Trident Academy of Technology © 2023.
All rights reserved.                                                                                                                                                                                                        Designed by Team of Central Library .

Powered by Koha